000 00787nam a22002297a 4500
999 _c20110
_d20110
003 AR-CdUCM
008 190221b ||||| |||| 00| 0 spa d
040 _aMUNICIPALIDAD PROVINCIAL DEL CUSCO
_cBIBLIOTECA MUNICIPAL DEL CUSCO
041 _heng
082 _a335.41 /
_bSE37
100 _aSelsam, Howard
_9694
245 _aEtica y progreso :
_cNuevos valores en un mundo revolucionario /
260 _aMexico :
_bGrijalbo,
_c1968.
300 _a160 páginas ;
_c18 cm.
440 _aColeccion 70
_92202
505 _aContenido: El hombre, animal etico -- Juicios y su formación -- Una etica en transformacion en un mundo de transformacion...
650 _aFilosofía.
_9395
650 _aÉtica
_91337
650 _aComportamientos
_942068
942 _2ddc
_cLIBROS
945 _arcc